Tout comprendre à la géopolitique : 1200 concepts pour réussir vos concours et examens (notice n° 2083810)
[ vue normale ]
| 000 -LEADER | |
|---|---|
| fixed length control field | 01385cam a2200133 4500500 |
| 005 - DATE AND TIME OF LATEST TRANSACTION | |
| control field | 20260405005438.0 |
| 041 ## - LANGUAGE CODE | |
| Language code of text/sound track or separate title | fre |
| 042 ## - AUTHENTICATION CODE | |
| Authentication code | dc |
| 100 10 - MAIN ENTRY--PERSONAL NAME | |
| Personal name | Battistoni-Lemière, Anne |
| Relator term | author |
| 245 00 - TITLE STATEMENT | |
| Title | Tout comprendre à la géopolitique : 1200 concepts pour réussir vos concours et examens |
| 260 ## - PUBLICATION, DISTRIBUTION, ETC. | |
| Name of publisher, distributor, etc. | Armand Colin,<br/> |
| Date of publication, distribution, etc. | 2022.<br/> |
| 520 ## - SUMMARY, ETC. | |
| Summary, etc. | 1200 concepts de géoplitique indispensables à connaître pour décrypter le monde contemporain et pour réussir vos concours et examens.Comprendre notre monde, changeant et confronté à des défis inédits, impose une approche globale: c’est toute l’ambition de la géopolitique qui fait appel à l’histoire, la géographie, la sociologie, l’économie, la dméographie, la science politique.Pour décrypter ce monde complexe, Tout comprendre à la géopolitique met à la dipsosition de tous les étudia,nts suivant un enseignement de géopolitique le la,gage commun dont ils ont impérativement besoin.12 grands enjeux géopolitiques.48 chapitres pour décoder le fonctionnement du monde contemporain.1200 concepts expliqués et éclairés par des exemples actuels, des repères historiques, statistiques ou bibliographiques, et complétés par les grands débats et enjeux qui leur sont associés. |
| 856 41 - ELECTRONIC LOCATION AND ACCESS | |
| Uniform Resource Identifier | <a href="https://shs.cairn.info/tout-comprendre-a-la-geopolitique--9782200634230?lang=fr&redirect-ssocas=7080">https://shs.cairn.info/tout-comprendre-a-la-geopolitique--9782200634230?lang=fr&redirect-ssocas=7080</a> |
Pas d'exemplaire disponible.




Réseaux sociaux